Open Data Biblioteca Nacional de Portugal


República Portuguesa: Ministério da Cultura
Biblioteca Nacional de Portugal

Catálogo da BNP: acesso por Identificadores Unívocos
Registos Bibliográficos associados ao registo de autoridade

Etiqueta de registo: 00000nam 2200025 450
001 2264308
003 http://id.bnportugal.gov.pt/bib/catbnp/2264308
100 ## $a20260210d2022 k y0pory01030103ba
101 0# $aeng$dpor
102 ## $aPT
105 ## $aa m 000yy
106 ## $ar
200 1# $aClinical decision support systems for patellofemoral instability diagnosis and treatment$fRoberto Martins Barbosa$gorient. Cristina Peixoto Santos
210 #9 $a[S.l.$cs.n.],$d2022
215 ## $aXXII, 198 p.$cil.$d30 cm
328 #1 $aTese dout. Líderes para as Indústrias Tecnológicas (LTI) / Engenharia de Produção e Processos de Fabrico Avançados (EDAM) - MIT Portugal, Escola de Engenharia, Universidade do Minho, 2022
675 ## $a616.718-071(043)$vBN$zpor$31984818
700 #1 $aBarbosa,$bRoberto Martins$31984587
702 #1 $aSantos,$bCristina Manuela Peixoto$4727$31596673
801 #0 $aPT$bBN$gRPC
856 40 $2Cópia digital disponível no RepositóriUM - Universidade do Minho$uhttps://hdl.handle.net/1822/85667
966 ## $lBN$mFGMON$sS.A. 193073 V.$x1
971 ## $corlando$d20260210
972 ## $e0$z0$d20260305$vlrevez
973 ## $cigoulao$d20260211

OpendataBNP@bnportugal.pt | Mais informação sobre acesso aos dados BNP